[Event "Budapest Spring Festival 2018"]
[Site "Budapest"]
[Date "2018.04.22"]
[Round "5"]
[White "Ilic, Zoran S"]
[Black "Drazic, Sinisa"]
[Result "1/2-1/2"]
[WhiteElo "2294"]
[BlackElo "2394"]
[Annotator "ChessBase"]
[PlyCount "143"]
[EventDate "2018.??.??"]
[EventType "swiss"]
[EventCountry "HUN"]
[SourceTitle "playchess.com"]
[Source "ChessBase"]
[SourceQuality "1"]
[TimeControl "40/5400+30:1800+30"]

1. d4 {[%emt 0:00:02]} Nf6 {[%emt 0:01:47]} 2. Nf3 {[%emt 0:00:14]} e6 {[%emt 0:00:06]} 3. c4 {[%emt 0:00:20]} Bb4+ {[%emt 0:00:02]} 4. Bd2 {[%emt 0:00:11]} c5 {[%emt 0:00:05]} 5. Bxb4 {[%emt 0:01:22]} cxb4 {[%emt 0:00:02]} 6. g3 {[%emt 0:00:30]} b6 {[%emt 0:00:03]} 7. Bg2 {[%emt 0:00:27]} Bb7 {[%emt 0:00:02]} 8. O-O {[%emt 0:00:33]} a5 {[%emt 0:00:06]} 9. a3 {[%emt 0:07:45]} Na6 {[%emt 0:00:19]} 10. axb4 {[%emt 0:01:38]} Nxb4 {[%emt 0:00:04]} 11. Nc3 {[%emt 0:00:14]} O-O {[%emt 0:00:17]} 12. Qd2 {[%emt 0:01:29]} Rc8 {[%emt 0:03:32]} 13. b3 {[%emt 0:04:37]} Qc7 {[%emt 0:00:28]} 14. Rfc1 {[%emt 0:02:15]} h6 {[%emt 0:02:56]} 15. d5 {[%emt 0:05:48]} exd5 {[%emt 0:08:45]} 16. cxd5 {[%emt 0:00:24]} Qb8 {[%emt 0:02:43]} 17. e4 {[%emt 0:04:50]} Rxc3 {[%emt 0:00:45]} 18. Qxc3 {[%emt 0:00:13]} Nxe4 {[%emt 0:00:02]} 19. Qd4 {[%emt 0:14:01]} Nc5 {[%emt 0:02:17]} 20. Rxc5 {[%emt 0:12:36]} bxc5 {[%emt 0:00:12]} 21. Qxc5 {[%emt 0:00:07]} Rc8 {[%emt 0:03:28]} 22. Qxa5 {[%emt 0:01:12]} Bxd5 {[%emt 0:02:06]} 23. Nd4 {[%emt 0:02:29]} Bxg2 {[%emt 0:01:16]} 24. Kxg2 {[%emt 0:01:19]} Qd6 {[%emt 0:06:01]} 25. Nf5 {[%emt 0:03:26]} Qc5 {[%emt 0:02:04]} 26. Qxc5 {[%emt 0:01:44]} Rxc5 {[%emt 0:00:23]} 27. Ne3 {[%emt 0:05:24]} Kf8 {[%emt 0:04:12]} 28. Ra4 {[%emt 0:01:32]} Rb5 {[%emt 0:00:22]} 29. Nf5 {[%emt 0:06:28]} Nc6 {[%emt 0:03:38]} 30. Ra8+ {[%emt 0:11:09]} Nb8 {[%emt 0:00:40]} 31. Nd4 {[%emt 0:00:14]} Rb7 {[%emt 0:01:19]} 32. Kf3 {[%emt 0:01:59]} Ke7 {[%emt 0:00:05]} 33. Ke4 {[%emt 0:01:33]} Nc6 {[%emt 0:00:16]} 34. Nxc6+ {[%emt 0:01:39]} dxc6 {[%emt 0:00:02]} 35. Ra3 {[%emt 0:00:29]} Kd6 {[%emt 0:00:26]} 36. Kd4 {[%emt 0:01:11]} g5 {[%emt 0:00:30]} 37. Kc4 {[%emt 0:03:05]} Re7 {[%emt 0:00:49]} 38. Ra2 {[%emt 0:01:08]} Re4+ {[%emt 0:00:05]} 39. Kd3 {[%emt 0:01:33]} Re5 {[%emt 0:01:16]} 40. Ra4 {[%emt 0:00:00]} Rf5 {[%emt 0:03:12]} 41. Rd4+ {[%emt 0:07:14]} Kc5 {[%emt 0:02:04]} 42. Rc4+ {[%emt 0:04:46]} Kb5 {[%emt 0:01:00]} 43. Ke3 {[%emt 0:01:26]} h5 {[%emt 0:05:13]} 44. f3 {[%emt 0:05:05]} f6 {[%emt 0:05:17]} 45. Rd4 {[%emt 0:02:19]} Re5+ {[%emt 0:01:48]} 46. Kd2 {[%emt 0:00:59]} Kc5 {[%emt 0:01:30]} 47. Rc4+ {[%emt 0:00:44]} Kb5 {[%emt 0:01:33]} 48. Rd4 {[%emt 0:00:14]} Rf5 {[%emt 0:01:17]} 49. Ke3 {[%emt 0:00:54]} Rc5 {[%emt 0:01:33]} 50. Kd2 {[%emt 0:00:18]} f5 {[%emt 0:01:10]} 51. Rd8 {[%emt 0:02:57]} Kb4 {[%emt 0:00:14]} 52. Rb8+ {[%emt 0:01:42]} Rb5 {[%emt 0:01:07]} 53. Rc8 {[%emt 0:02:20]} Rd5+ {[%emt 0:00:28]} 54. Kc2 {[%emt 0:00:19]} Kc5 {[%emt 0:02:00]} 55. Rh8 {[%emt 0:00:39]} g4 {[%emt 0:00:06]} 56. f4 {[%emt 0:01:37]} Kb4 {[%emt 0:00:23]} 57. Rxh5 {[%emt 0:00:54]} Ka3 {[%emt 0:00:24]} 58. h3 {[%emt 0:01:26]} gxh3 {[%emt 0:00:13]} 59. Rxh3 {[%emt 0:00:17]} Rc5+ {[%emt 0:00:13]} 60. Kd2 {[%emt 0:00:49]} Kb4 {[%emt 0:01:18]} 61. Kd1 {[%emt 0:01:00]} Rc3 {[%emt 0:01:49]} 62. Rh5 {[%emt 0:00:49]} Rxb3 {[%emt 0:00:06]} 63. Rxf5 {[%emt 0:00:16]} Rxg3 {[%emt 0:00:02]} 64. Rf8 {[%emt 0:00:39]} c5 {[%emt 0:00:01]} 65. f5 {[%emt 0:00:30]} c4 {[%emt 0:00:04]} 66. f6 {[%emt 0:00:36]} Kc3 {[%emt 0:00:02]} 67. f7 {[%emt 0:00:42]} Rf3 {[%emt 0:00:17]} 68. Ke2 {[%emt 0:00:17]} Rf6 {[%emt 0:00:02]} 69. Ke3 {[%emt 0:01:25]} Re6+ {[%emt 0:00:04]} 70. Kf4 {[%emt 0:00:31]} Re7 {[%emt 0:00:02]} 71. Kf5 {[%emt 0:00:34]} Rb7 {[%emt 0:00:15]} 72. Kf6 {[%emt 0:00:22]} 1/2-1/2

[Event "Budapest Spring Festival 2018"]
[Site "Budapest"]
[Date "2018.04.22"]
[Round "5"]
[White "Gyurkovics, Bence"]
[Black "Skomorokhin, Roman"]
[Result "1/2-1/2"]
[WhiteElo "2286"]
[BlackElo "2387"]
[Annotator "NA"]
[PlyCount "45"]
[EventDate "2018.??.??"]
[EventType "swiss"]
[EventCountry "HUN"]
[SourceTitle "playchess.com"]
[Source "ChessBase"]
[SourceQuality "1"]
[TimeControl "40/5400+30:1800+30"]

1. d4 {[%emt 0:00:03]} Nf6 {[%emt 0:00:43]} 2. c4 {[%emt 0:00:08]} e6 {[%emt 0:00:18]} 3. Nf3 {[%emt 0:00:08]} Bb4+ {[%emt 0:00:30]} 4. Bd2 {[%emt 0:00:06]} a5 {[%emt 0:00:10]} 5. g3 {[%emt 0:00:20]} O-O {[%emt 0:00:42]} 6. Nc3 {[%emt 0:03:29]} d6 {[%emt 0:01:28]} 7. Bg2 {[%emt 0:00:47]} Nbd7 {[%emt 0:01:14]} 8. O-O {[%emt 0:02:05]} Qe7 {[%emt 0:00:38]} 9. Qc2 {[%emt 0:05:40]} Bxc3 {[%emt 0:03:36]} 10. Bxc3 {[%emt 0:00:25]} e5 {[%emt 0:00:38]} 11. e4 {[%emt 0:09:51]} Re8 {[%emt 0:15:57]} 12. d5 {[%emt 0:04:11]} c6 {[%emt 0:12:06]} 13. Rfc1 {[%emt 0:11:40]} Rf8 {[%emt 0:15:21]} 14. Ne1 {[%emt 0:03:56]} g6 {[%emt 0:03:39]} 15. Nd3 $14 {[%emt 0:04:20]} cxd5 {[%emt 0:03:08]} 16. cxd5 {[%emt 0:02:07]} b6 {[%emt 0:00:07]} 17. Bd2 {[%emt 0:15:40]} Ba6 {[%emt 0:00:56]} 18. Bg5 {[%emt 0:01:24]} Rfc8 {[%emt 0:07:14]} 19. Qd2 {[%emt 0:00:53]} Kg7 {[%emt 0:08:24]} 20. Bh6+ {[%emt 0:03:21]} Kg8 {[%emt 0:01:02]} 21. Bg5 {[%emt 0:00:51]} Kg7 {[%emt 0:00:12]} 22. Bh6+ {[%emt 0:12:15]} Kg8 {[%emt 0:01:07]} 23. Bg5 {[%emt 0:00:12]} 1/2-1/2

[Event "Budapest Spring Festival 2018"]
[Site "Budapest"]
[Date "2018.04.23"]
[Round "6"]
[White "Onischuk, Vladimir"]
[Black "Livaic, Leon"]
[Result "1/2-1/2"]
[WhiteElo "2630"]
[BlackElo "2468"]
[Annotator "TA"]
[PlyCount "120"]
[EventDate "2018.??.??"]
[EventType "swiss"]
[EventCountry "HUN"]
[SourceTitle "playchess.com"]
[Source "ChessBase"]
[SourceQuality "1"]

{[%evp 27,120,0,11,0,-11,-16,0,-12,0,-7,0,0,-12,0,0,-75,-81,-104,-99,-81,-89,-124,-124,-135,-109,-107,-99,-113,-83,-174,-169,-159,-172,-177,-151,-175,-128,-184,-117,-154,-116,-114,-108,-222,-204,-212,-200,-200,-127,-203,-197,-233,-204,-251,-160,-374,-350,-361,-360,-320,-182,-422,-203,-210,-59,-75,-62,-74,-82,-276,-275,-352,0,0,0,-360,-353,-1270,-1227,-939,0,0,0,0,0,0,0,0,0,0,0,0,0,0,0]} 1. e4 c5 2. Nf3 d6 3. d4 cxd4 4. Nxd4 Nf6 5. Nc3 a6 6. a4 e5 7. Nf3 Qc7 8. Bg5 Nbd7 9. Nd2 h6 10. Bh4 g5 {B90: Sicilian Najdorf: Unusual White 6th moves, 6 Be3 Ng4 and 6 Be3 e5} 11. Bg3 Nc5 12. h4 g4 13. h5 Be6 14. Bh4 Ncd7 {LiveBook: 3 Games} 15. g3 Rc8 16. Bg2 Qb6 17. Rb1 Qb4 18. Nd5 Nxd5 $146 ({Predecessor:} 18... Bxd5) 19. exd5 Bf5 20. c3 Qb6 21. Ne4 (21. Be4 $11 {remains equal.} Bxe4 22. Nxe4) 21... Be7 $17 22. Qc2 Bxh4 23. Rxh4 Ke7 24. Qe2 Rhg8 25. Kf1 Qb3 26. Ra1 a5 27. Kg1 Nc5 28. Re1 (28. Ra3 $17 Qb6 29. Nxc5 Rxc5 30. Qd2) 28... Nxe4 $19 29. Bxe4 {[#]} Bd7 $1 30. Ra1 f5 31. Bg2 Rg5 ({Much less strong is} 31... Bxa4 32. Qd2 $17) 32. Qd2 (32. Ra3 $17 {might work better.} Qc4 33. Qc2) 32... Rc5 ({Don't do} 32... Bxa4 33. Ra3 $17) (32... Rf8 $19 33. Re1 Bxa4) 33. Ra3 $17 Qb6 34. Bf1 Rc8 35. Rh1 (35. Qe3 $17 {is a better defense.} Qxe3 36. fxe3) 35... Rf8 $19 36. Bb5 f4 ({Don't play} 36... Bxb5 37. Rb3 $17) 37. c4 Rgf5 {[#] Strongly threatening ...fxg3.} 38. Bxd7 (38. Rh2 $17) 38... Kxd7 39. Rh2 Qc5 40. Qe2 Qd4 41. Qxg4 $2 (41. Rh4 $17) 41... Qxb2 42. Rf3 Kc7 43. Kg2 Qc2 (43... R8f7 $142 {And now ...e4 would win.} 44. Kh3 Qe2) 44. Rh3 $2 (44. Rh1) 44... Qe4 (44... Qxc4 $142 45. Qg7+ R5f7 46. Qxh6 Qxd5 47. gxf4 Kb8) 45. Qg6 {next g4 is good for White.} fxg3 $2 ({Black should play} 45... Qxc4 $19 46. g4 e4 47. Qg7+ R8f7) 46. Rhxg3 $15 R8f6 $36 {[%mdl 2048] Black has the initiative.} 47. Qh7+ $1 Kb6 {[%cal Re4f3]} 48. c5+ $2 (48. Kg1 $17 {only move.} Rf7 49. Qg6) 48... dxc5 $19 49. Kg1 Qe1+ 50. Kg2 Qe4 51. Kg1 $1 {Threatens to win with Rb3+.} c4 52. Rb3+ $2 (52. Rxf5 Qxf5 53. Qxf5 Rxf5 54. Rg6+ Kc7 55. Kf1) 52... cxb3 53. Rxb3+ Qb4 $2 (53... Kc5 $19 {( -> ...Qe1+)} 54. Qc7+ Kd4 55. Qc3+ Kxd5 56. Qxa5+ Ke6 57. Qb6+ Qc6 58. Qxc6+ bxc6) 54. Rxb4+ $11 {The position is equal.} axb4 {[%mdl 4096] Endgame KQ-KRR} 55. Qe7 Rxf2 56. Qxb4+ Ka7 57. Qa5+ Kb8 58. Qd8+ Ka7 59. Qa5+ Kb8 60. Qd8+ Ka7 {Precision: White = 38%, Black = 56%.} 1/2-1/2

[Event "Budapest Spring Festival 2018"]
[Site "Budapest"]
[Date "2018.04.23"]
[Round "6"]
[White "Gupta, Abhijeet"]
[Black "Deac, Bogdan-Daniel"]
[Result "1-0"]
[WhiteElo "2617"]
[BlackElo "2578"]
[Annotator "TA"]
[PlyCount "67"]
[EventDate "2018.??.??"]
[EventType "swiss"]
[EventCountry "HUN"]
[SourceTitle "playchess.com"]
[Source "ChessBase"]
[SourceQuality "1"]

{[%evp 16,67,3,-7,16,10,22,-6,37,39,34,16,19,11,20,2,0,0,0,2,22,0,0,0,0,0,0,0,0,-2,0,0,0,0,0,-2,-3,-7,0,-18,-27,-27,34,-105,165,164,293,312,823,784,1249,912,902,898]} 1. d4 Nf6 2. c4 e6 3. Nc3 Bb4 4. e3 O-O 5. Nge2 c6 (5... d5 6. a3 Be7 7. cxd5 exd5 8. g3 Re8 9. Bg2 a5 10. O-O Na6 11. h3 c6 12. g4 Nc7 13. Ng3 Nd7 14. f4 b5 15. e4 dxe4 16. Ncxe4 Ra6 {½-½ (86) Svidler,P (2760)-Karjakin,S (2763) Moscow 2018}) 6. a3 {E46: Nimzo-Indian: Rubinstein: 4 e3 0-0 5 Ne2 without early Bd3} Ba5 7. c5 d5 8. cxd6 Qxd6 9. b4 {LiveBook: 12 Games} Bb6 10. Bb2 Nbd7 11. g3 a5 12. b5 c5 $146 ({Predecessor:} 12... e5 13. dxe5 Qxe5 {½-½ (61) Georgiev,K (2613)-Zajic,M (2481) Paracin 2016}) 13. Na4 cxd4 {White must now prevent ...Qd5.} 14. Nxd4 Nc5 15. Nxc5 Bxc5 16. Nb3 Qxd1+ 17. Rxd1 Be7 18. Be2 a4 19. Nd2 Bd7 20. O-O Rfc8 21. Rc1 Kf8 22. Rfe1 Rc5 23. Rxc5 Bxc5 24. Rc1 b6 25. Nc4 Be8 26. Be5 $36 {[%mdl 2048] White fights for an advantage.} Ke7 27. Bf3 Rd8 28. Rb1 Rd3 (28... Nd5 $11) 29. Bc6 {[#]} (29. h4 $14 {stays ahead.}) 29... Bxc6 $4 {[%mdl 8192]} (29... Nd5 $1 $17 {stays on course.} 30. Bxg7 f6) 30. bxc6 $18 {[%cal Bb5c6,Bc6c7][%mdl 32] aiming for c7.} Nd5 (30... Rd8 $142) 31. e4 ({And not} 31. Bxg7 Kd8 $11) 31... Nc3 $2 {[#]} (31... Rc3) 32. c7 $1 {White is clearly winning.} Kd7 33. Nxb6+ Bxb6 34. Rxb6 {Precision: White = 44%, Black = 50%.} 1-0

[Event "Budapest Spring Festival 2018"]
[Site "Budapest"]
[Date "2018.04.23"]
[Round "6"]
[White "Papp, Gabor"]
[Black "Nguyen, Piotr"]
[Result "1-0"]
[WhiteElo "2614"]
[BlackElo "2415"]
[Annotator "TA"]
[PlyCount "81"]
[EventDate "2018.??.??"]
[EventType "swiss"]
[EventCountry "HUN"]
[SourceTitle "playchess.com"]
[Source "ChessBase"]
[SourceQuality "1"]

{[%evp 24,81,38,20,70,30,36,17,38,15,12,19,19,17,20,22,60,63,71,72,74,56,62,60,50,0,0,0,8,0,0,0,140,143,131,128,408,165,542,542,534,516,516,516,516,437,559,559,559,559,877,877,869,869,869,869,8421,5691,4763,3957]} 1. e4 c5 2. Nf3 g6 3. d4 cxd4 4. Nxd4 Nc6 5. c4 Nf6 6. Nc3 d6 7. Be2 Nxd4 8. Qxd4 Bg7 9. Be3 O-O 10. Qd2 a5 {B36: Sicilian: Maroczy Bind: Gurgenidze System} 11. f3 (11. Rd1 a4 12. O-O Be6 13. Bd4 Qa5 14. Qe3 Nd7 15. f4 Rac8 16. b3 axb3 17. axb3 Bxd4 18. Rxd4 {1-0 (58) Harikrishna,P (2744)-Mamedov,R (2709) Huaian 2017}) 11... a4 12. Kf2 Qa5 13. Rac1 {LiveBook: 5 Games} Bd7 14. Rhd1 $146 ({Predecessor:} 14. Nd5 Nxd5 15. Qxa5 Rxa5 16. cxd5 Bb5 17. Bd2 Bd4+ 18. Ke1 Bxe2 19. Bxa5 {1-0 (95) Horvath,A (2469)-Hemant,S (2380) Zalakaros 2017}) 14... Rfc8 15. c5 a3 16. cxd6 axb2 17. Qxb2 exd6 18. Bd4 Be6 19. a4 Qg5 20. g3 $1 Qh6 21. h4 Nd7 22. Be3 $36 {[%mdl 2048] White fights for an advantage.} Qh5 23. Bg5 {[#] Threatens to win with g4.} Ne5 $1 24. Rxd6 h6 $1 {[%cal Rh6g5]} 25. Be3 Bc4 26. Bd4 Bxe2 27. Qxe2 Rxa4 (27... Nc4 $11 28. Rd7 Bxd4+ 29. Rxd4 Qc5) 28. Nxa4 $16 Rxc1 29. Rd5 {And now Bxe5 would win.} b5 $2 {[%mdl 8192] [#]} (29... Rc2 $16 {was necessary.} 30. Qxc2 Qxf3+ 31. Ke1 Qxg3+ 32. Bf2 Qf3) 30. Nc5 (30. Bxe5 $142 Bxe5 31. Qxb5 Bd4+ 32. Ke2 Rc2+ 33. Kd3 Qxf3+ 34. Kxc2 Qxe4+ 35. Kb3) 30... Ng4+ $2 (30... Rc2 {is more resistant.} 31. Qxc2 Qxf3+ 32. Kg1 Qxg3+ 33. Kf1 Nf3) 31. fxg4 $18 {White is clearly winning.} Bxd4+ 32. Kg2 Qxd5 33. exd5 Rxc5 {[%mdl 4096] Endgame KQ-KRB} 34. d6 Kg7 35. Qe4 Bf6 36. d7 b4 37. d8=Q Bxd8 38. Qd4+ Bf6 39. Qxc5 b3 40. g5 hxg5 41. hxg5 {Precision: White = 58%, Black = 36%.} 1-0

[Event "Budapest Spring Festival 2018"]
[Site "Budapest"]
[Date "2018.04.23"]
[Round "6"]
[White "Zhigalko, Sergei"]
[Black "Nguyen, Thai Dai Van"]
[Result "1/2-1/2"]
[WhiteElo "2608"]
[BlackElo "2539"]
[Annotator "TA"]
[PlyCount "155"]
[EventDate "2018.??.??"]
[EventType "swiss"]
[EventCountry "HUN"]
[SourceTitle "playchess.com"]
[Source "ChessBase"]
[SourceQuality "1"]

{[%evp 25,155,98,96,15,25,34,27,29,36,37,48,47,47,27,53,42,49,60,70,35,95,35,35,34,35,40,42,24,37,22,29,21,22,21,21,21,22,22,52,53,51,53,75,53,103,113,187,183,202,200,153,155,156,95,106,95,95,102,128,131,142,154,109,105,1134,1516,642,273,273,266,262,255,299,288,266,266,273,248,260,90,90,90,90,90,90,90,90,0,90,0,90,90,90,90,90,78,78,78,88,0,0,0,90,0,90,90,90,90,90,88,88,88,88,0,89,89,97,97,97,0,80,0,56,0,0,0,0,0,0,0,0,0]} 1. d4 d5 2. Nf3 Nf6 3. c4 e6 4. Nc3 c5 5. e3 cxd4 6. exd4 Bb4 7. Bd3 O-O 8. O-O dxc4 9. Bxc4 b6 10. Ne5 Bb7 11. Bg5 Nc6 12. Bxf6 {E54: Nimzo-Indian: Rubinstein: Main Line: 7...dxc4 8 Bxc4} gxf6 13. Nxc6 Bxc6 {[#] LiveBook: 5 Games} 14. Qd3 $146 (14. d5 $1 $16 Bxc3 15. dxc6) ({Predecessor:} 14. d5 Bxc3 15. dxc6 Bxb2 16. Qg4+ Kh8 17. Rad1 Qc7 18. Bxe6 Rg8 19. Qh3 Raf8 {1-0 (29) Tomczak,J (2509)-Lalith,B (2502) Chotowa 2010}) 14... Bxc3 15. bxc3 Kh8 16. Rad1 Rg8 17. g3 Qd6 18. Bb3 Rad8 19. c4 Rg4 {[%cal Rg4d4]} 20. d5 exd5 21. cxd5 Ba4 22. Qf3 (22. Bxa4 {feels hotter.} Rxa4 23. Rd2 Kg7 24. Qe2 Rc8 25. Re1) 22... Bxb3 (22... Bd7 $14) 23. Qxg4 (23. axb3 $16 Rg5 24. h4) 23... Bxd1 $14 24. Rxd1 {[%mdl 4096] Endgame KQR-KQR} Qe5 25. Qc4 Kg7 26. a4 f5 27. Rd4 Rd6 28. Kf1 a6 29. Qd3 b5 30. axb5 axb5 31. Qd2 f4 32. gxf4 Qf5 $1 33. Qc3 Kg8 34. Qb3 Qf6 35. Qb4 Ra6 (35... h5 $16) 36. Rd3 $1 $18 {[%cal Rd3g3]} Qa1+ 37. Kg2 $1 Rg6+ 38. Rg3 Qa4 39. Qe7 (39. Qd2 $142 $1) 39... Qa8 $16 40. Qe5 $36 {[%mdl 2048] Hoping for f5. Black is under strong pressure.} b4 41. f5 Rxg3+ 42. hxg3 {Threatens to win with f6. KQ-KQ} f6 43. Qe6+ ({Reject} 43. Qxf6 $6 Qxd5+ 44. Kh2 b3 $11) 43... Kg7 44. Qd7+ Kh6 $2 {[%mdl 8192]} (44... Kf8 $16 45. Qb5 Kf7) 45. Qc6 $18 Qd8 46. Kh3 (46. d6 $142 {Threatening mate with Qc1+.} b3 47. d7) 46... Kg7 47. Qb7+ Kg8 48. Kh2 ({Don't play} 48. Qxb4 $6 Qxd5 49. Qg4+ Kf7 $16) 48... Qd6 49. Qc6 $1 {[%cal Rc6d6]} Qd8 50. d6 {aiming for Qc7.} Kf8 51. d7 b3 {[#]} 52. Qc5+ $2 (52. Qb7 $1 $18) 52... Kf7 $16 53. Qc4+ Kf8 54. Qb4+ Kg7 55. Qg4+ Kf8 56. Qb4+ Kg7 57. Qg4+ Kf8 $1 58. Qd4 Kg7 59. Kh3 b2 60. Qxb2 Qxd7 61. Qc2 Qb7 62. Qe2 (62. Qd1 $16) 62... Qh1+ $11 63. Kg4 {And now Qe7+ would win.} Qb7 (63... h5+ $11 {keeps the balance.} 64. Kf4 Qc1+ 65. Kf3 Qh1+ 66. Ke3 Qc1+ 67. Kf3 Qh1+ 68. Ke3 Qc1+ 69. Kd3 Qa3+ 70. Ke4 Qb4+ 71. Kf3 Qg4+ 72. Ke3 Qxf5) 64. Kf4 (64. Qc4 $16) 64... Qd7 (64... Qc7+ $11 65. Kg4 Qd7) 65. Qe4 $16 Qc7+ 66. Kg4 Qa7 67. f3 Qc7 68. Qd4 Qb7 69. Qe4 Qc7 $1 70. Kh4 Qa7 71. Qg4+ Kf8 72. Kh5 (72. Qb4+ $16 Kg7 73. Qe4) 72... Qe3 {[#]} (72... Qf7+ $1 $11 {remains equal.} 73. Kh4 Qa7 74. Qb4+ Kg7 75. Qg4+ Kf7 76. Qc4+ Kg7) 73. f4 ({White should play} 73. Qb4+ $1 $16 Kf7 74. Qb7+ Kf8 75. Qb8+ Ke7 76. Qc7+ Kf8 77. Qd6+ Kg7 78. Qd7+ Kh8 79. Kg4) 73... Qe4 (73... Qd3 $11) 74. Kh4 ({White should try} 74. Kh6 $14 Qh1+ 75. Qh5) 74... Qh1+ $11 {The position is equal.} 75. Qh3 Qf3 76. Qg4 Qh1+ 77. Qh3 Qf3 78. Qg4 {Precision: White = 50%, Black = 60%.} 1/2-1/2

[Event "Budapest Spring Festival 2018"]
[Site "Budapest"]
[Date "2018.04.23"]
[Round "6"]
[White "Bernadskiy, Vitaliy"]
[Black "Banusz, Tamas"]
[Result "1/2-1/2"]
[WhiteElo "2584"]
[BlackElo "2617"]
[Annotator "TA"]
[PlyCount "47"]
[EventDate "2018.??.??"]
[EventType "swiss"]
[EventCountry "HUN"]
[SourceTitle "playchess.com"]
[Source "ChessBase"]
[SourceQuality "1"]

{[%evp 20,47,43,33,49,44,54,42,41,20,25,1,18,-26,-5,-17,0,0,0,0,0,0,0,0,0,0,-3,-13,0,-49]} 1. d4 d5 2. c4 c6 3. Nf3 Nf6 4. g3 g6 5. Qa4 dxc4 6. Qxc4 Bg7 7. Bg2 O-O 8. O-O Bf5 {D78: Fianchetto Grünfeld: 6 0-0 c6} 9. Bf4 (9. Nc3 Nbd7 10. Re1 Nb6 11. Qb3 Be6 12. Qd1 Nfd5 13. Ne4 Qc8 14. Neg5 Rd8 15. e4 Nc7 16. Bf4 Nb5 17. d5 cxd5 18. Rc1 {½-½ (79) Yu,Y (2751)-Grischuk,A (2772) Huaian 2017}) 9... Nbd7 {[%cal Bb8d7,Bd7b6,Bb6c4][%mdl 32]} 10. Qc1 c5 11. Nc3 {LiveBook: 3 Games} Rc8 12. d5 Nb6 13. Nh4 Bd7 $146 ({Predecessor:} 13... Nbxd5 14. Nxd5 Nxd5 15. Nxf5 gxf5 16. Bh6 {1-0 (30) Rohde,U (2290)-Von Herman,U (2407) Altenkirchen 1999}) 14. a4 Nc4 15. Qc2 Qb6 16. b3 Na5 {next ...Nh5 is good for Black.} 17. Rab1 {The position is equal.} e6 18. e4 {[%cal Be2e4,Be4e5][%mdl 32]} exd5 19. e5 Nh5 20. Nxd5 Qd8 21. Bd2 {[#] Threatens to win with Bxa5.} Nc6 $1 22. Qxc5 b6 23. Qe3 Nxe5 24. Rbc1 {Precision: White = 68%, Black = 63%.} 1/2-1/2

[Event "Budapest Spring Festival 2018"]
[Site "Budapest"]
[Date "2018.04.23"]
[Round "6"]
[White "Kulaots, Kaido"]
[Black "Gonda, Laszlo"]
[Result "1-0"]
[WhiteElo "2578"]
[BlackElo "2510"]
[Annotator "TA"]
[PlyCount "71"]
[EventDate "2018.??.??"]
[EventType "swiss"]
[EventCountry "HUN"]
[SourceTitle "playchess.com"]
[Source "ChessBase"]
[SourceQuality "1"]

{[%evp 22,71,28,14,12,21,28,8,20,18,36,-7,49,41,45,7,47,0,0,0,0,0,0,45,179,175,176,193,203,208,209,217,213,218,188,206,258,264,271,262,260,261,244,248,239,234,509,503,450,311,601,602]} 1. c4 e6 2. Nc3 d5 3. d4 Nf6 4. cxd5 exd5 5. Bg5 c6 6. e3 Be7 7. Bd3 Nbd7 8. Nge2 {[%cal Bg1e2,Be2c1,Bc1b3,Bb3c5][%mdl 32]} O-O 9. O-O Nh5 10. Bxe7 Qxe7 11. Qd2 {D35: Queen's Gambit Declined: Exchange Variation} Nb6 12. Rae1 {LiveBook: 3 Games} Be6 13. Nc1 $146 {The position is equal.} ({Predecessor:} 13. Qc2 g6 14. f3 Rad8 15. Nc1 Nc4 16. b3 Nb6 17. Qf2 Qb4 18. Qd2 c5 {1-0 (66) Sadzikowski,D (2534)-Stopa,J (2463) Czech Republic 2016}) 13... Rad8 14. Nb3 f5 15. Nc5 Bc8 16. b4 {[%cal Bb2b4,Bb4b5][%mdl 32]} Rd6 ({Black should try} 16... Nc4 $11 17. Qe2 Qf7) 17. b5 $14 Rh6 18. f3 Nc4 19. Bxc4 dxc4 20. bxc6 Rxc6 21. e4 f4 22. Nd5 Qd8 {[#]} (22... Qh4 $14) 23. Qb4 $1 $36 {[%mdl 2048] White is in control.} b6 {[#]} 24. Nd3 $1 {[%mdl 512]} Rh6 (24... cxd3 25. Ne7+) 25. Ne5 Re8 26. Qxc4 {Threatening mate with Nf6+.} Be6 27. Ng4 Rg6 28. Qa4 Bxg4 29. fxg4 Rxg4 {[#]} 30. Nc7 $1 {[%mdl 512]} Re7 (30... Qxc7 31. Qxe8#) 31. Qb3+ Kh8 32. Ne6 Qe8 33. d5 Qg6 $2 (33... Rg6 34. Nxf4 Nxf4 35. Rxf4 Rf6) 34. Qf3 h6 35. Rc1 {Hoping for Rc8+.} Re8 $2 (35... Rxe6 36. dxe6 Qxe6) 36. Rc6 {Precision: White = 68%, Black = 44%.} 1-0